[Event "I HSL seniorke 2019"]
[Site "Mali Losinj"]
[Date "2019.09.29"]
[Round "2.24"]
[White "Blazeka, Ivana"]
[Black "Okanovic, Jasmina"]
[Result "1/2-1/2"]
[WhiteElo "1564"]
[BlackElo "1633"]
[PlyCount "50"]
[EventDate "2019.09.28"]
[WhiteTeam "HAŠK Mladost, Zagreb"]
[BlackTeam "ŠK Kastav, Kastav"]

1. e4 d6 2. d4 Nf6 3. Nc3 Nc6 4. Nf3 a6 5. Be2 Bg4 6. h3 Bh5 7. Be3 h6 8. O-O
e6 9. a3 Be7 10. Qd2 Nd7 11. Rad1 Bxf3 12. Bxf3 Bg5 13. Rfe1 Bxe3 14. Qxe3 O-O
15. Ne2 Ne7 16. e5 d5 17. Qb3 Rb8 18. Nc1 Nf5 19. Bg4 Qg5 20. Bxf5 Qxf5 21. Qd3
Qxd3 22. Nxd3 Rbc8 23. Nc5 Nxc5 24. dxc5 b5 25. b4 c6 1/2-1/2

[Event "I HSL seniorke 2019"]
[Site "Mali Losinj"]
[Date "2019.09.29"]
[Round "2.31"]
[White "Salimova, Nurgyul"]
[Black "Krivec, Jana"]
[Result "1-0"]
[WhiteElo "2425"]
[BlackElo "2203"]
[PlyCount "109"]
[EventDate "2019.09.28"]
[WhiteTeam "ŠK Liburnija, Rijeka"]
[BlackTeam "ŠK Goranka, Ravna Gora"]

1. d4 d6 2. e4 e5 3. Nf3 Nd7 4. Nc3 c6 5. dxe5 dxe5 6. Bc4 Be7 7. Qe2 b5 8. Bb3
Ngf6 9. a4 b4 10. Nb1 O-O 11. Bg5 Nh5 12. Be3 Nf4 13. Bxf4 exf4 14. Nbd2 Bf6
15. O-O-O Qc7 16. Rhe1 Ne5 17. Nxe5 Bxe5 18. Nf3 Bg4 19. Qc4 Bxf3 20. gxf3 a5
21. Qc5 Rad8 22. h4 h6 23. h5 Rfe8 24. Rg1 Bf6 25. Rxd8 Rxd8 26. Bc4 Qe5 27.
Qxe5 Bxe5 28. Rg6 Bf6 29. e5 Kf8 30. Bxf7 Bxe5 31. Bc4 Bf6 32. Rg1 Bd4 33. Rg6
Bf6 34. Rg1 Bd4 35. Re1 Bxf2 36. Re6 Be3+ 37. Kb1 Rd1+ 38. Ka2 Rh1 39. Bd3 Kf7
40. Rxc6 Ke7 41. Rc7+ Kf6 42. Bg6 Rh3 43. Rf7+ Ke6 44. Rxg7 Rxf3 45. Rh7 Rh3
46. Rh8 f3 47. Re8+ Kf6 48. Rxe3 f2 49. Re8 Kg5 50. Rf8 Rh2 51. Bd3 Kxh5 52.
Rf5+ Kg4 53. Rxa5 Rh1 54. Rf5 Kg3 55. a5 1-0

[Event "I HSL seniorke 2019"]
[Site "Mali Losinj"]
[Date "2019.09.29"]
[Round "2.32"]
[White "Tomulic, Vesna"]
[Black "Saric, Kristina"]
[Result "0-1"]
[WhiteElo "1809"]
[BlackElo "2222"]
[PlyCount "58"]
[EventDate "2019.09.28"]
[WhiteTeam "ŠK Goranka, Ravna Gora"]
[BlackTeam "ŠK Liburnija, Rijeka"]

1. e4 c5 2. Nf3 Nc6 3. d4 cxd4 4. Nxd4 Qb6 5. Nb3 Nf6 6. Nc3 e6 7. Be3 Qc7 8.
a3 d6 9. f4 Be7 10. Be2 a6 11. Bf3 b5 12. O-O Bb7 13. Qe1 O-O 14. g4 Nd7 15. g5
Rfe8 16. Qf2 b4 17. Na4 bxa3 18. Nb6 Nxb6 19. Bxb6 Qc8 20. bxa3 e5 21. Qh4 exf4
22. Bg4 Qb8 23. Bf5 g6 24. Bd7 Rf8 25. Bxc6 Bxc6 26. Bd4 Qb5 27. Qh6 Qxg5+ 28.
Qxg5 Bxg5 29. Rae1 Rfe8 0-1

[Event "I HSL seniorke 2019"]
[Site "Mali Losinj"]
[Date "2019.09.29"]
[Round "2.33"]
[White "Spiranec, Noemi"]
[Black "Starcevic, Andrea"]
[Result "1-0"]
[WhiteElo "2084"]
[BlackElo "1888"]
[PlyCount "103"]
[EventDate "2019.09.28"]
[WhiteTeam "ŠK Liburnija, Rijeka"]
[BlackTeam "ŠK Goranka, Ravna Gora"]

1. d4 d5 2. c4 e6 3. Nc3 Nf6 4. cxd5 exd5 5. Bg5 Be7 6. e3 c6 7. Bd3 O-O 8.
Nge2 Nbd7 9. f3 Re8 10. O-O Nf8 11. Bh4 Ng6 12. Bf2 c5 13. Rc1 b6 14. e4 cxd4
15. Bxd4 dxe4 16. Nxe4 Bb7 17. Bc4 Rf8 18. Bxf6 Bxf6 19. Qxd8 Bxd8 20. Nd6 Rb8
21. Ng3 Bf6 22. b4 Ne5 23. Bb3 Nd3 24. Rc7 Bd4+ 25. Kh1 Be5 26. Rxf7 Rxf7 27.
Nxf7 Kf8 28. Nxe5 Nxe5 29. Rd1 Rc8 30. Nf5 Ba6 31. Kg1 Bd3 32. Nd4 Bg6 33. Ne6+
Ke7 34. Nf4 Be8 35. Nd5+ Kf8 36. f4 Nd7 37. g4 Bf7 38. h3 h6 39. Kg2 Bxd5+ 40.
Rxd5 Nf6 41. Rf5 Ke8 42. g5 hxg5 43. fxg5 Nd7 44. Ba4 Rc7 45. Rd5 Ke7 46. Bxd7
Rxd7 47. Rxd7+ Kxd7 48. Kf3 Ke7 49. Kf4 g6 50. Ke5 a6 51. a4 a5 52. b5 1-0

[Event "I HSL seniorke 2019"]
[Site "Mali Losinj"]
[Date "2019.09.29"]
[Round "2.34"]
[White "Batory, Lucija"]
[Black "Vujnovic, Patricija"]
[Result "0-1"]
[WhiteElo "1683"]
[BlackElo "2052"]
[PlyCount "123"]
[EventDate "2019.09.28"]
[WhiteTeam "ŠK Goranka, Ravna Gora"]
[BlackTeam "ŠK Liburnija, Rijeka"]

1. e4 c6 2. Nc3 d5 3. Nf3 dxe4 4. Nxe4 Nf6 5. Nxf6+ exf6 6. d4 Bd6 7. Bd3 O-O
8. O-O Bg4 9. h3 Bh5 10. Be3 Re8 11. c4 Nd7 12. Be2 Nf8 13. Nh4 Bg6 14. Nxg6
Nxg6 15. Bf3 Bc7 16. Re1 Qd6 17. g3 f5 18. Qd2 h6 19. Bh5 Rad8 20. Bxg6 Qxg6
21. Bf4 Bxf4 22. Qxf4 Re4 23. Rxe4 fxe4 24. Rd1 Qe6 25. b3 f5 26. h4 Kh7 27.
Qe3 a5 28. Rd2 b5 29. Qc3 b4 30. Qe3 Qd6 31. Kg2 Rf8 32. d5 c5 33. Re2 Re8 34.
f3 Qg6 35. Qf4 Re7 36. fxe4 fxe4 37. Re3 h5 38. Qf8 Qf6 39. Qxf6 gxf6 40. d6
Rd7 41. Rxe4 Rxd6 42. Re2 Kg6 43. Rf2 Rd3 44. Kh3 f5 45. Kg2 Kf6 46. Rf3 Rc3
47. Rf1 a4 48. Rf3 axb3 49. axb3 Ke5 50. Kf2 Rxf3+ 51. Kxf3 Kd4 52. Kf4 Kc3 53.
Kxf5 Kxb3 54. Kg5 Kxc4 55. Kxh5 b3 56. g4 b2 57. g5 b1=Q 58. g6 Qf5+ 59. Kh6
Qf4+ 60. Kh5 Qg3 61. Kh6 Qxh4+ 62. Kg7 0-1

[Event "I HSL seniorke 2019"]
[Site "Mali Losinj"]
[Date "2019.09.29"]
[Round "2.41"]
[White "Smetisko, Marija"]
[Black "Janzelj, Lara"]
[Result "0-1"]
[WhiteElo "1845"]
[BlackElo "2159"]
[PlyCount "50"]
[EventDate "2019.09.28"]
[WhiteTeam "ŠK Ericsson Nikola Tesla, Zagreb"]
[BlackTeam "ŠŠK Konaki, Novo Virje"]

1. e4 d6 2. d4 Nf6 3. Nc3 e5 4. Nf3 Nbd7 5. Bc4 Be7 6. Bxf7+ Kxf7 7. Ng5+ Kg8
8. Ne6 Qe8 9. Nxc7 Qg6 10. Nxa8 Qxg2 11. Rf1 exd4 12. Qe2 dxc3 13. Qc4+ d5 14.
Qxc8+ Kf7 15. Qxc3 Qxe4+ 16. Qe3 Qxc2 17. Bd2 Bc5 18. Qc3 Re8+ 19. Be3 Qxc3+
20. bxc3 Rxa8 21. Rb1 b6 22. Rd1 Re8 23. Ke2 Kg8 24. Rg1 Ne4 25. Rc1 Nxf2 0-1

[Event "I HSL seniorke 2019"]
[Site "Mali Losinj"]
[Date "2019.09.29"]
[Round "2.42"]
[White "Svaljek, Radmila"]
[Black "Vodopija, Irina"]
[Result "1/2-1/2"]
[WhiteElo "1950"]
[BlackElo "1704"]
[PlyCount "55"]
[EventDate "2019.09.28"]
[WhiteTeam "ŠŠK Konaki, Novo Virje"]
[BlackTeam "ŠK Ericsson Nikola Tesla, Zagreb"]

1. d4 d5 2. Nf3 Nf6 3. Bg5 c6 4. e3 Bf5 5. Be2 Nbd7 6. O-O h6 7. Bh4 e6 8. c4
Be7 9. Nc3 Ne4 10. Nxe4 Bxe4 11. Bxe7 Qxe7 12. Qb3 Rb8 13. Nd2 Bh7 14. Rac1 O-O
15. Bd3 Bxd3 16. Qxd3 f5 17. a3 Qg5 18. b4 dxc4 19. Qxc4 Rbe8 20. Qd3 Kh8 21.
b5 cxb5 22. Qxb5 Nb6 23. Nf3 Qd8 24. Ne5 Kh7 25. Rc2 Re7 26. Rfc1 Qd5 27. Qd3
Nd7 28. Nxd7 1/2-1/2

[Event "I HSL seniorke 2019"]
[Site "Mali Losinj"]
[Date "2019.09.29"]
[Round "2.43"]
[White "Samardzic, Ana"]
[Black "Radikovic, Anamarija"]
[Result "0-1"]
[WhiteElo "1618"]
[BlackElo "1929"]
[PlyCount "110"]
[EventDate "2019.09.28"]
[WhiteTeam "ŠK Ericsson Nikola Tesla, Zagreb"]
[BlackTeam "ŠŠK Konaki, Novo Virje"]

1. e4 c5 2. Nc3 Nc6 3. g3 g6 4. Bg2 Bg7 5. d3 d6 6. h3 e6 7. Be3 Nge7 8. Qc1
Nd4 9. Nce2 O-O 10. Nxd4 cxd4 11. Bh6 Qa5+ 12. Qd2 Qxd2+ 13. Bxd2 Nc6 14. f4
Bd7 15. Nf3 Rac8 16. O-O Rfe8 17. Rac1 Ne7 18. Bb4 d5 19. Bxe7 Rxe7 20. e5 f6
21. Rf2 fxe5 22. Nxe5 Bb5 23. Rd1 Rec7 24. Rdd2 g5 25. Ng4 h5 26. Ne5 gxf4 27.
gxf4 Bh6 28. Rde2 Rf8 29. Kh1 Rxf4 30. Rxf4 Bxf4 31. Ng6 Be3 32. Bf3 Kg7 33.
Rg2 Kh6 34. Ne5 Be8 35. Bd1 Rg7 36. Rxg7 Kxg7 37. h4 Kf6 38. Nf3 Bg6 39. Kg2 e5
40. Ne1 Bc1 41. b3 e4 42. Kg3 Ke5 43. Be2 Bf4+ 44. Kg2 Bd2 45. Kf1 Bxe1 46.
Kxe1 Kf4 47. Kf2 b6 48. a3 a6 49. a4 a5 50. dxe4 dxe4 51. Ke1 Ke3 52. Bd1 d3
53. c3 d2+ 54. Kf1 Kd3 55. c4 e3 0-1

[Event "I HSL seniorke 2019"]
[Site "Mali Losinj"]
[Date "2019.09.29"]
[Round "2.44"]
[White "Koksa, Jelena"]
[Black "Alaber, Maja"]
[Result "1-0"]
[WhiteElo "1832"]
[BlackElo "1494"]
[PlyCount "69"]
[EventDate "2019.09.28"]
[WhiteTeam "ŠŠK Konaki, Novo Virje"]
[BlackTeam "ŠK Ericsson Nikola Tesla, Zagreb"]

1. e4 c5 2. Nf3 e6 3. d4 Nc6 4. d5 exd5 5. exd5 Nce7 6. d6 Nf5 7. Qe2+ Nge7 8.
dxe7 Bxe7 9. Qe5 d6 10. Bb5+ Kf8 11. Qe2 Qa5+ 12. Bd2 Qb6 13. a4 a5 14. Nc3 Be6
15. Qe4 Rb8 16. Nd5 Qd8 17. Bc3 b6 18. O-O h5 19. Nf4 Bd7 20. Bc4 Qc8 21. Rfd1
Bc6 22. Bd5 Bd7 23. Bc4 h4 24. h3 Rh6 25. Nd5 Qb7 26. Qf4 Re8 27. Ne3 Qc8 28.
Nxf5 Bxf5 29. Ng5 Bxg5 30. Qxg5 f6 31. Qf4 Bxc2 32. Qxd6+ Re7 33. Re1 Qc7 34.
Qd5 Rh8 35. Qa8+ 1-0

[Event "I HSL seniorke 2019"]
[Site "Mali Losinj"]
[Date "2019.09.29"]
[Round "2.51"]
[White "Ivekovic, Ana"]
[Black "Eric, Jovana"]
[Result "0-1"]
[WhiteElo "2054"]
[BlackElo "2270"]
[PlyCount "102"]
[EventDate "2019.09.28"]
[WhiteTeam "ŠD Sisak, Sisak"]
[BlackTeam "ŠK Đakovo-Lim-Mont, Đakovo"]

1. d4 e6 2. Nf3 f5 3. c4 Nf6 4. g3 d5 5. Bg2 c6 6. b3 Bd6 7. O-O Qe7 8. a4 O-O
9. Ba3 Bxa3 10. Nxa3 a5 11. Ne5 Nbd7 12. cxd5 exd5 13. Nxd7 Bxd7 14. Nc2 Ne4
15. e3 Rf6 16. Ne1 Rh6 17. Nd3 Be8 18. Ne5 Bh5 19. Qd3 Qg5 20. f3 Nd6 21. f4
Qe7 22. Rac1 Ne4 23. Bxe4 fxe4 24. Qd2 Be8 25. Rf2 Rf6 26. f5 Bd7 27. Rcf1 Rff8
28. Qd1 Be8 29. Qg4 Qf6 30. Qf4 Qd6 31. Qg5 h6 32. Qh4 Qf6 33. Qxf6 gxf6 34.
Ng4 h5 35. Ne5 fxe5 36. dxe5 c5 37. g4 hxg4 38. Rg2 Kh7 39. Rxg4 Rg8 40. Rg3 d4
41. Kf2 Bh5 42. Rh3 Rg5 43. Ke1 Kg7 44. Rf4 d3 45. Rg3 Rxg3 46. hxg3 Bf3 47.
Rh4 Rd8 48. Kd2 Re8 49. e6 Kf6 50. g4 Kg5 51. Rh7 Bxg4 0-1

[Event "I HSL seniorke 2019"]
[Site "Mali Losinj"]
[Date "2019.09.29"]
[Round "2.52"]
[White "Sulc, Gordana"]
[Black "Kuhar, Larisa"]
[Result "0-1"]
[WhiteElo "1882"]
[BlackElo "1998"]
[PlyCount "70"]
[EventDate "2019.09.28"]
[WhiteTeam "ŠK Đakovo-Lim-Mont, Đakovo"]
[BlackTeam "ŠD Sisak, Sisak"]

1. e4 c5 2. Nf3 d6 3. d4 cxd4 4. Nxd4 Nf6 5. Nc3 a6 6. Bg5 e6 7. f4 h6 8. Bh4
Be7 9. Qf3 Qc7 10. O-O-O Nbd7 11. Bxf6 Nxf6 12. Be2 Nd7 13. Kb1 b5 14. Bd3 Bb7
15. Rhe1 Nb6 16. Qh5 g6 17. Qh3 b4 18. Nce2 Bc8 19. Qg3 Bd7 20. f5 e5 21. fxg6
exd4 22. gxf7+ Kf8 23. Qg6 Qc5 24. Rf1 Qg5 25. Nf4 Bf6 26. Rde1 a5 27. e5 dxe5
28. Ne6+ Bxe6 29. Rxf6 Qxg6 30. Bxg6 Ke7 31. Ref1 Nd7 32. R6f2 Rhf8 33. h4 a4
34. Re1 b3 35. axb3 axb3 0-1

[Event "I HSL seniorke 2019"]
[Site "Mali Losinj"]
[Date "2019.09.29"]
[Round "2.53"]
[White "Ivekovic, Zvjezdana"]
[Black "Mican, Karmela"]
[Result "1/2-1/2"]
[WhiteElo "1779"]
[BlackElo "1885"]
[PlyCount "64"]
[EventDate "2019.09.28"]
[WhiteTeam "ŠD Sisak, Sisak"]
[BlackTeam "ŠK Đakovo-Lim-Mont, Đakovo"]

1. d4 d5 2. c4 e6 3. Nf3 Nf6 4. g3 Be7 5. Bg2 O-O 6. O-O Nbd7 7. Qc2 c6 8. Nbd2
b6 9. e4 dxc4 10. Nxc4 Bb7 11. e5 Nd5 12. a3 c5 13. dxc5 Nxc5 14. b4 Nd7 15.
Qb3 Rc8 16. Bb2 b5 17. Na5 Ba8 18. Rac1 N7b6 19. Rxc8 Qxc8 20. Rc1 Qd7 21. Nd4
a6 22. Ndc6 Rc8 23. Nxe7+ Qxe7 24. Rxc8+ Nxc8 25. Bd4 Qc7 26. Qb2 Ncb6 27. Nb3
Nc4 28. Qc1 Bc6 29. Nd2 Nxd2 30. Qxd2 Qb7 31. Bc5 h6 32. f4 Qa8 1/2-1/2

[Event "I HSL seniorke 2019"]
[Site "Mali Losinj"]
[Date "2019.09.29"]
[Round "2.54"]
[White "Ascic, Josipa"]
[Black "Turk, Vesna"]
[Result "1/2-1/2"]
[WhiteElo "1692"]
[BlackElo "1694"]
[PlyCount "70"]
[EventDate "2019.09.28"]
[WhiteTeam "ŠK Đakovo-Lim-Mont, Đakovo"]
[BlackTeam "ŠD Sisak, Sisak"]

1. d4 d5 2. Nf3 Nf6 3. Bf4 Bf5 4. e3 e6 5. c4 c6 6. Nbd2 Qb6 7. Qb3 Nbd7 8. c5
Qxb3 9. axb3 Be7 10. b4 a6 11. Be2 O-O 12. O-O Nh5 13. Bg3 Nxg3 14. hxg3 h6 15.
Nb3 f6 16. Nh4 Bc2 17. Bd1 Bxd1 18. Raxd1 f5 19. f4 Kh7 20. Nf3 Bf6 21. Kf2 Kg8
22. Rh1 Rab8 23. Ra1 Kf7 24. Ke2 Bd8 25. Nc1 Bc7 26. Nd3 Kg8 27. Nfe5 Bxe5 28.
Nxe5 Nf6 29. Kf3 Rfe8 30. g4 Ne4 31. gxf5 exf5 32. Rh5 Nd2+ 33. Ke2 Ne4 34. Kf3
Nd2+ 35. Ke2 Ne4 1/2-1/2

[Event "I HSL seniorke 2019"]
[Site "Mali Lošinj"]
[Date "2019.09.29"]
[Round "3.11"]
[White "Eric, Jovana"]
[Black "Cvitan, Ena"]
[Result "1/2-1/2"]
[WhiteElo "2270"]
[BlackElo "2182"]
[PlyCount "117"]
[EventDate "2019.09.28"]
[WhiteTeam "ŠK Đakovo-Lim-Mont, Đakovo"]
[BlackTeam "ŠK Draga, Rijeka"]

1. e4 c6 2. Nc3 d5 3. Qf3 e5 4. exd5 Nf6 5. dxc6 Nxc6 6. Bb5 Bd7 7. d3 Nd4 8.
Bxd7+ Qxd7 9. Qd1 Qg4 10. g3 Rc8 11. Be3 Bb4 12. Qxg4 Nxg4 13. Kd2 O-O 14. a3
Ba5 15. h3 Nf6 16. Nge2 Nxe2 17. Kxe2 Bxc3 18. bxc3 Rxc3 19. Ra2 Rfc8 20. Kd2
b6 21. Rb1 Nd5 22. Rb5 Nxe3 23. fxe3 f6 24. a4 Kf7 25. a5 bxa5 26. Rbxa5 R8c7
27. R5a3 Rxa3 28. Rxa3 f5 29. Ra6 Re7 30. c4 g5 31. c5 Rc7 32. d4 f4 33. gxf4
gxf4 34. exf4 exd4 35. Kd3 Rxc5 36. Rxa7+ Kg6 37. Kxd4 Rc1 38. Ke4 Re1+ 39. Kf3
Rf1+ 40. Kg3 Rg1+ 41. Kf2 Rb1 42. Ra5 Rb3 43. Rg5+ Kf6 44. Kg2 h6 45. Rc5 Ra3
46. Rc2 Kf5 47. Rf2 Ra4 48. Kg3 Ra3+ 49. Rf3 Ra4 50. Rb3 Ra5 51. Rb4 Ra3+ 52.
Kh4 Rc3 53. Rb6 Kxf4 54. Rf6+ Ke5 55. Rxh6 Kf5 56. Rb6 Ra3 57. Rb5+ Kg6 58. Rb4
Ra6 59. Kg4 1/2-1/2

[Event "I HSL seniorke 2019"]
[Site "Mali Lošinj"]
[Date "2019.09.29"]
[Round "3.12"]
[White "Djukic, Sandra"]
[Black "Sulc, Gordana"]
[Result "1/2-1/2"]
[WhiteElo "2179"]
[BlackElo "1882"]
[PlyCount "52"]
[EventDate "2019.09.28"]
[WhiteTeam "ŠK Draga, Rijeka"]
[BlackTeam "ŠK Đakovo-Lim-Mont, Đakovo"]

1. d4 Nf6 2. c4 e6 3. Nf3 Bb4+ 4. Bd2 Be7 5. Nc3 d5 6. Bg5 h6 7. Bh4 O-O 8. e3
Nbd7 9. cxd5 exd5 10. Bd3 c6 11. Qc2 Re8 12. Bg3 Bb4 13. O-O Bxc3 14. bxc3 Ne4
15. c4 Nxg3 16. hxg3 Nf6 17. cxd5 cxd5 18. Rfc1 Re7 19. Rab1 Be6 20. Qa4 Rc7
21. Rd1 Ne4 22. Bxe4 dxe4 23. Nd2 Bd5 24. Rb2 a6 25. Nb3 Rc4 26. Qa3 b6 1/2-1/2

[Event "I HSL seniorke 2019"]
[Site "Mali Lošinj"]
[Date "2019.09.29"]
[Round "3.13"]
[White "Mican, Karmela"]
[Black "Berke, Ana"]
[Result "0-1"]
[WhiteElo "1885"]
[BlackElo "2060"]
[PlyCount "74"]
[EventDate "2019.09.28"]
[WhiteTeam "ŠK Đakovo-Lim-Mont, Đakovo"]
[BlackTeam "ŠK Draga, Rijeka"]

1. e4 c5 2. Nf3 e6 3. d4 cxd4 4. Nxd4 Nc6 5. Be2 Qc7 6. Nc3 a6 7. a3 b5 8. O-O
Bb7 9. Be3 Nf6 10. f3 Rc8 11. Nxc6 Qxc6 12. Kh1 Bc5 13. Qd3 Bxe3 14. Qxe3 Qc5
15. Qf4 e5 16. Qg5 O-O 17. Bd3 Qe7 18. Qd2 Rcd8 19. Rae1 Rfe8 20. Ne2 d5 21.
Ng3 g6 22. Qe2 h5 23. Qe3 Nh7 24. Rf2 h4 25. Ne2 Ng5 26. Ref1 Kg7 27. exd5 Bxd5
28. Nc3 Bb7 29. Re2 h3 30. g3 f5 31. Kg1 Rd7 32. f4 exf4 33. Qxf4 Qc5+ 34. Rff2
Qc6 35. Be4 Nxe4 36. Nxe4 Rxe4 37. Rxe4 Qxe4 0-1

[Event "I HSL seniorke 2019"]
[Site "Mali Lošinj"]
[Date "2019.09.29"]
[Round "3.14"]
[White "Bogdanic, Katarina"]
[Black "Ascic, Josipa"]
[Result "1-0"]
[WhiteElo "1899"]
[BlackElo "1692"]
[PlyCount "61"]
[EventDate "2019.09.28"]
[WhiteTeam "ŠK Draga, Rijeka"]
[BlackTeam "ŠK Đakovo-Lim-Mont, Đakovo"]

1. c4 c5 2. Nf3 Nf6 3. g3 g6 4. Bg2 Bg7 5. O-O O-O 6. Nc3 Nc6 7. a3 a6 8. Rb1
Rb8 9. b4 d6 10. d3 e5 11. bxc5 dxc5 12. Nd2 Qc7 13. Nde4 Nxe4 14. Nxe4 Nd4 15.
Nc3 Be6 16. Be3 Rfd8 17. Bxd4 exd4 18. Nd5 Qa5 19. Rb3 b5 20. Ne7+ Kh8 21. Nc6
Qc7 22. Nxb8 Rxb8 23. Qc2 h5 24. Rfb1 h4 25. R3b2 h3 26. Bh1 Bd7 27. cxb5 axb5
28. Rb3 Bc6 29. Qxc5 Re8 30. R3b2 Rc8 31. Rc2 1-0

[Event "I HSL seniorke 2019"]
[Site "Mali Lošinj"]
[Date "2019.09.29"]
[Round "3.21"]
[White "Janzelj, Lara"]
[Black "Ivekovic, Ana"]
[Result "1-0"]
[WhiteElo "2159"]
[BlackElo "2054"]
[PlyCount "55"]
[EventDate "2019.09.28"]
[WhiteTeam "ŠŠK Konaki, Novo Virje"]
[BlackTeam "ŠD Sisak, Sisak"]

1. c4 e5 2. g3 Nf6 3. Bg2 Be7 4. Nc3 c6 5. e4 O-O 6. Nge2 d6 7. O-O Be6 8. b3
Qc8 9. d4 Bh3 10. Ba3 Bxg2 11. Kxg2 Re8 12. f4 exf4 13. gxf4 Bf8 14. Ng3 d5 15.
Bxf8 Rxf8 16. e5 Ng4 17. Qf3 dxc4 18. f5 Nh6 19. bxc4 Nd7 20. Qf4 Nb6 21. f6
Qg4 22. fxg7 Qxg7 23. Nce4 Nxc4 24. Kh1 Kh8 25. Nh5 Qg6 26. Rg1 Qf5 27. Qxh6
Qxe4+ 28. Rg2 1-0

[Event "I HSL seniorke 2019"]
[Site "Mali Lošinj"]
[Date "2019.09.29"]
[Round "3.22"]
[White "Kuhar, Larisa"]
[Black "Radikovic, Anamarija"]
[Result "1-0"]
[WhiteElo "1998"]
[BlackElo "1929"]
[PlyCount "107"]
[EventDate "2019.09.28"]
[WhiteTeam "ŠD Sisak, Sisak"]
[BlackTeam "ŠŠK Konaki, Novo Virje"]

1. e4 c5 2. Nf3 d6 3. d4 cxd4 4. Nxd4 Nf6 5. Nc3 a6 6. Be2 e5 7. Nb3 Be7 8. O-O
O-O 9. Re1 Be6 10. Bf3 Nbd7 11. a4 Rc8 12. a5 Re8 13. Be3 Nf8 14. Na4 N6d7 15.
Nd2 Ng6 16. Nf1 Nh4 17. Be2 Nf6 18. Nb6 Rb8 19. g3 Ng6 20. Bf3 h6 21. c4 Nd7
22. b4 Nxb6 23. Bxb6 Qd7 24. Ne3 Rbc8 25. Rc1 Bg5 26. Qd3 Qa4 27. Ra1 Qc6 28.
b5 Bxc4 29. bxc6 Bxd3 30. cxb7 Rb8 31. Red1 Bb5 32. Nf5 Be7 33. Bc7 Rxb7 34.
Bxd6 Bf6 35. Bc5 Rd8 36. Nd6 Rbb8 37. Bb6 Rd7 38. Bg4 Re7 39. Nxb5 axb5 40. Bd7
Nf8 41. Bxb5 Reb7 42. Bc6 Rxb6 43. axb6 Rxb6 44. Bd5 Ne6 45. Ra7 Rb2 46. Rc1
Bg5 47. Rc8+ Kh7 48. Rxf7 Nd4 49. Rcc7 Kg6 50. Rxg7+ Kh5 51. h4 Nf3+ 52. Kg2
Ne1+ 53. Kh3 Rxf2 54. g4# 1-0

[Event "I HSL seniorke 2019"]
[Site "Mali Lošinj"]
[Date "2019.09.29"]
[Round "3.23"]
[White "Muha, Magdalena"]
[Black "Ivekovic, Zvjezdana"]
[Result "0-1"]
[WhiteElo "1736"]
[BlackElo "1779"]
[PlyCount "76"]
[EventDate "2019.09.28"]
[WhiteTeam "ŠŠK Konaki, Novo Virje"]
[BlackTeam "ŠD Sisak, Sisak"]

1. d4 d5 2. c4 c6 3. Nf3 Nf6 4. Nc3 e6 5. e3 Bd6 6. Be2 O-O 7. O-O Nbd7 8. b3
b6 9. Bb2 Bb7 10. Rc1 Rc8 11. Qd3 Qe7 12. e4 dxe4 13. Nxe4 Bf4 14. Rcd1 c5 15.
Nxf6+ Nxf6 16. dxc5 Qxc5 17. Bd4 Qh5 18. g3 Be4 19. Qc3 Nd5 20. Qb2 Bb8 21.
Bxg7 Nf4 22. gxf4 Bxf4 23. Be5 Bxf3 24. Bxf4 Bxe2 25. f3 Bxd1 26. Rxd1 Qxf3 27.
Rf1 Qh3 28. Be5 Rc5 29. Rf2 Qe3 30. Bd4 Rg5+ 31. Kf1 Qd3+ 32. Re2 Rg4 33. Be3
f6 34. Ke1 Kf7 35. h3 Rg3 36. Bd4 Rxh3 37. Bxf6 Rh1+ 38. Kf2 Rh2+ 0-1

[Event "I HSL seniorke 2019"]
[Site "Mali Lošinj"]
[Date "2019.09.29"]
[Round "3.24"]
[White "Turk, Vesna"]
[Black "Koksa, Jelena"]
[Result "0-1"]
[WhiteElo "1694"]
[BlackElo "1832"]
[PlyCount "101"]
[EventDate "2019.09.28"]
[WhiteTeam "ŠD Sisak, Sisak"]
[BlackTeam "ŠŠK Konaki, Novo Virje"]

1. d4 d5 2. Nf3 Nf6 3. Bf4 e6 4. e3 Bd6 5. Bg5 h6 6. Bh4 c5 7. c3 Nbd7 8. Nbd2
Qc7 9. Bg3 O-O 10. Be2 b6 11. Bxd6 Qxd6 12. O-O Bb7 13. Rc1 Ne4 14. Bd3 Rfd8
15. Bb1 Ndf6 16. Ne5 a6 17. f3 Nxd2 18. Qxd2 cxd4 19. cxd4 Rac8 20. Rxc8 Rxc8
21. Rc1 Rxc1+ 22. Qxc1 Nd7 23. Ng4 Qc6 24. Qxc6 Bxc6 25. Bd3 a5 26. Kf1 Kf8 27.
Ke2 Ke7 28. Kd2 f6 29. Nf2 e5 30. Nd1 Nf8 31. Nc3 Ne6 32. dxe5 fxe5 33. Bb5 Kd6
34. Bxc6 Kxc6 35. Kd3 Nc5+ 36. Kc2 d4 37. exd4 exd4 38. Ne4 Kd5 39. Nd2 Ne6 40.
g3 Nc5 41. b3 b5 42. a3 b4 43. a4 d3+ 44. Kb2 Kd4 45. Nc4 Nxa4+ 46. Kc1 Kc3 47.
Nd2 Nc5 48. Ne4+ Nxe4 49. fxe4 Kd4 50. Kd2 Kxe4 51. g4 0-1

[Event "I HSL seniorke 2019"]
[Site "Mali Lošinj"]
[Date "2019.09.29"]
[Round "3.31"]
[White "Krivec, Jana"]
[Black "Smetisko, Marija"]
[Result "1-0"]
[WhiteElo "2203"]
[BlackElo "1845"]
[PlyCount "41"]
[EventDate "2019.09.28"]
[WhiteTeam "ŠK Goranka, Ravna Gora"]
[BlackTeam "ŠK Ericsson Nikola Tesla, Zagreb"]

1. e4 e5 2. Bc4 Nc6 3. Nc3 Bc5 4. d3 a6 5. Qf3 Nf6 6. Nge2 Ne7 7. Bg5 d5 8.
Bxf6 gxf6 9. Nxd5 Nxd5 10. Bxd5 c6 11. Bb3 Rg8 12. h3 Qe7 13. c3 Bd7 14. O-O-O
Be6 15. d4 Bd6 16. Bxe6 Qxe6 17. d5 Qe7 18. Ng3 O-O-O 19. Nf5 Qc7 20. dxc6 Qxc6
21. Rxd6 1-0

[Event "I HSL seniorke 2019"]
[Site "Mali Lošinj"]
[Date "2019.09.29"]
[Round "3.32"]
[White "Vodopija, Irina"]
[Black "Starcevic, Andrea"]
[Result "0-1"]
[WhiteElo "1704"]
[BlackElo "1888"]
[PlyCount "72"]
[EventDate "2019.09.28"]
[WhiteTeam "ŠK Ericsson Nikola Tesla, Zagreb"]
[BlackTeam "ŠK Goranka, Ravna Gora"]

1. d4 d5 2. Nf3 Nf6 3. Bf4 e6 4. h3 c5 5. c3 Bd6 6. Bxd6 Qxd6 7. e3 Nbd7 8. Bd3
O-O 9. O-O e5 10. dxe5 Nxe5 11. Nxe5 Qxe5 12. Nd2 b6 13. Nf3 Qe7 14. b3 Bb7 15.
Be2 Rad8 16. Qc2 Ne4 17. Rad1 Rd6 18. c4 dxc4 19. Rxd6 cxb3 20. axb3 Nxd6 21.
Rd1 Qf6 22. Nh2 h6 23. Ng4 Qe6 24. Qd3 Nf5 25. Qd7 Bc8 26. Qd3 Nh4 27. g3 Ng6
28. Bf1 h5 29. Nh2 Bb7 30. Bg2 Ne5 31. Qc3 Bxg2 32. Kxg2 Qc6+ 33. Kg1 Rc8 34.
Qd2 Qe6 35. Ra1 Qxh3 36. Rxa7 Qxh2+ 0-1

[Event "I HSL seniorke 2019"]
[Site "Mali Lošinj"]
[Date "2019.09.29"]
[Round "3.33"]
[White "Klaric, Nikolina"]
[Black "Samardzic, Ana"]
[Result "1-0"]
[WhiteElo "1731"]
[BlackElo "1618"]
[PlyCount "71"]
[EventDate "2019.09.28"]
[WhiteTeam "ŠK Goranka, Ravna Gora"]
[BlackTeam "ŠK Ericsson Nikola Tesla, Zagreb"]

1. c4 e5 2. Nc3 g6 3. g3 Nf6 4. Bg2 Bg7 5. e3 d6 6. Nge2 c6 7. d3 O-O 8. O-O a6
9. Rb1 b5 10. cxb5 axb5 11. Nxb5 Be6 12. a3 d5 13. Nbc3 Ne8 14. d4 e4 15. Nf4
Bd7 16. b4 Nc7 17. a4 Qe8 18. Qb3 Nba6 19. Ba3 Rb8 20. Qa2 Qc8 21. Rfc1 c5 22.
bxc5 Bc6 23. Nfxd5 Nxd5 24. Nxd5 Qe6 25. Nc3 Qxa2 26. Nxa2 f5 27. Rb6 Rxb6 28.
cxb6 Rc8 29. Bf1 Bb7 30. Rxc8+ Bxc8 31. Nb4 Nb8 32. Bc4+ Kh8 33. Nd5 Bb7 34. a5
Bxd5 35. Bxd5 Bf6 36. Be6 1-0